000 01833 a2200241 4500
001 20939
005 20260407155500.0
008 260407a2008 arg spa d
003 AR-UNSa-BCEJYS
040 _aAR-UNSa-BCEJYS
_bspa
_cAR-UNSa-BCEJYS
080 _a349.2
_xDerecho del Trabajo
245 1 0 _aDerecho del trabajo y de la seguridad social
020 _a978-950-508-810-2
250 _a10a. ed.
264 1 _aBuenos Aires :
_bAstrea
_c2008
300 _a2 v.
_c22 cm.
505 _aVol. I: 1. Introducción - 2. Evolución histórica del derecho del trabajo - 3. Caracterización del derecho del trabajo - 4. Instituciones socio-laborales - 5. La relación individual - 6. Contrato de trabajo - 7. Deberes y derechos de las partes - 8. Condiciones de trabajo - 9. Remuneración - 10. Suspensión de algunas obligaciones que impone la prestación laboral - 11. Novación subjetiva del contrato de trabajo - 12. Extinción del contrato de trabajo - 13. Estatutos especiales -- Vol. II: 14. Derecho de las relaciones colectivas de trabajo. Introducción - 15. Asociaciones gremiales de trabajadores - 16. Conflicto social - 17. Negociación colectiva - 18. Intervención del estado en las relaciones de trabajo - 19. Justicia laboral - 20. Derecho de la seguridad social. Introducción - 21. Régimen previsional argentino - 22. Régimen de riesgos del trabajo - 23. Régimen de obras sociales - 24. Régimen de asignaciones familiares - 25. Régimen del seguro de desempleo - 26. Cobertura de otros estados de necesidad en la Argentina
942 _cBK
590 _aniveau_biblio:m niveau_hierar:0
100 1 _aVázquez Vialard, Antonio
700 1 _aVirgili, Claudio Sebastián
856 4 1 _uhttps://biblioeco.unsa.edu.ar/pmb/images/libros/Derecho del Trabajo y de la Seguridad Social.jpg
_yImagen de portada
_qimage/jpeg
999 _c755
_d755